| 000 | 00625nam a22001457a 4500 | ||
|---|---|---|---|
| 999 |
_c121919 _d121919 |
||
| 005 | 20210413101005.0 | ||
| 008 | 210413b ||||| |||| 00| 0 eng d | ||
| 040 | _cPK-LaUMT | ||
| 082 |
_aRHC 892.78 _bLAB-K |
||
| 100 | _aLabi Waleed Waqshi wa ibn Syed Batleusi = لابی الولید الوقشی و ابن السید البطلیوسی | ||
| 245 |
_aKitab ul qurt alal kamil = _cby Labi Waleed Waqshi wa ibn Syed Batleusi = لابی الولید الوقشی و ابن السید البطلیوسی ; tahqeeq o taqdeem Zahoor Ahmad Azhar |
||
| 260 |
_aLahore : _bJameah Punjab, _c1980 |
||
| 300 | _a743 p. | ||
| 942 | _cBK | ||